logo

Bir Sreshtho Munshi Abdur Rouf Library
Jhenaidah Cadet College

কলা আর পান, ঝিনাইদহের প্রাণ : (Record no. 13239)

MARC details
000 -LEADER
fixed length control field 00966nam a2200241 a 4500
001 - CONTROL NUMBER
JCCL Control Number 13239
003 - CONTROL NUMBER IDENTIFIER
JCCL marc code BD-JhCC
005 - DATE AND TIME OF LATEST TRANSACTION
control field 20230731091227.0
008 - FIXED-LENGTH DATA ELEMENTS--GENERAL INFORMATION
fixed length control field 230731b20182020bg a|||| |||| 000 0 ben d
020 ## - INTERNATIONAL STANDARD BOOK NUMBER
International Standard Book Number 9789843434326
035 ## - SYSTEM CONTROL NUMBER
system control number (BD-JhCC)13239
040 ## - CATALOGING SOURCE
Original cataloging agency BD-JhCC
Modifying agency BD-JhCC
041 ## - LANGUAGE CODE
Language code of Book eng
082 ## - DEWEY DECIMAL CLASSIFICATION NUMBER
Classification number 954.924
Author mark and Year SHI 2020
100 ## - MAIN ENTRY--PERSONAL NAME
Personal name শিকদার, সুমন
245 ## - TITLE STATEMENT
Title কলা আর পান, ঝিনাইদহের প্রাণ :
Remainder of title ঝিনাইদহ জেলা ব্র্যান্ড বুক /
Statement of responsibility, etc সুমন শিকদার
250 ## - EDITION STATEMENT
Edition statement ২য় সংস্করণ.
260 ## - PUBLICATION, DISTRIBUTION, ETC. (IMPRINT)
Place of publication, distribution, etc ঝিনাইদহ :
Name of publisher, distributor, etc বেগবতী প্রকাশনী,
Date of publication, distribution, etc ২০২০
300 ## - PHYSICAL DESCRIPTION
Pagination ১৬০ পৃ. :
Other physical details রঙিন পৃষ্ঠা;
Dimensions ২৫ সেমি.
504 ## - BIBLIOGRAPHY, ETC. NOTE
Bibliography, etc গ্রন্থপঞ্জি সংযোজিত।
650 ## - SUBJECT ADDED ENTRY--TOPICAL TERM
Topical term or geographic name as entry element Branding Book
Geographic subdivision Jhenaidah
-- Bangladesh
942 ## - ADDED ENTRY ELEMENTS (KOHA)
Source of classification or shelving scheme Dewey Decimal Classification
Koha item type Reference
Holdings
Source of classification or shelving scheme Damaged status Not for loan Home library Current library Shelving location Date of accession Cost, normal purchase price Total Checkouts Full call number Barcode Date last seen Copy number Method of acquisition Koha item type Currency
Dewey Decimal Classification     JCC Rouf Library JCC Rouf Library General Stacks 06/23/2023 1500.00   954.924 SHI 2020 16627 07/31/2023 C-1 Purchase Reference BDT

JCC Library | Contacts | JCC Home

Last Update on 23 September 2017
Copyright @ 2017-2020 JCC Rouf Library
Rouf Library, Jhenidah Cadet College (JCC), Bangladesh